| 000 | 00355nam a2200145Ia 4500 | ||
|---|---|---|---|
| 008 | 230917s9999||||xx |||||||||||||| ||und|| | ||
| 040 |
_e196468 _aMAIN |
||
| 041 | _aEnglish | ||
| 082 | _a006.4 B638G | ||
| 100 | _aBolle, Ruud M | ||
| 245 | 0 | _aGuide to biometrics | |
| 260 |
_aNew Delhi _bSpringer (India) _c2004 |
||
| 300 | _axxix, 364 p. | ||
| 942 | _cBK | ||
| 999 |
_c159426 _d159426 |
||